000 01320nam a2200349 a 4500
001 000109112
003 CHAP
005 20220329144038.0
008 140403s2013 mx sm |||||||spa d
010 _a105574
011 _a106546
040 _cCHAP
090 _aTesis
100 1 _aLópez Camacho, Maribel
_9126241
245 1 0 _aInnovación tecnológica en manejo forestal para el control de inundaciones en la microcuenca de Manialtepec, Oax.
_h[En línea]
_cpor Maribel López Camacho.
260 _aChapingo, Méx. :
_bEl autor,
_c2013.
500 _aPara ver el contenido del material haga clic en la liga
502 _aTesis (Ing. Agr. Esp. en Forestal) -- UACH. División de Ciencias Forestales
590 _aBATCH-UPD
_b10
_c20141002
_lUCH01
_h0859
590 _aE11695DGD
_b10
_c20140407
_lUCH01
_h0938
590 _aE5765TAJ
_b05
_c20140403
_lUCH01
_h1406
590 _aE5765TAJ
_b05
_c20140403
_lUCH01
_h1407
650 _aDeslizamiento de tierras
_xPrevención
_9126118
650 1 4 _aBalance hídrico.
_99602
650 1 4 _aDesastres naturales
_xMedidas de seguridad.
_9126117
650 1 4 _aForestación
_xOaxaca.
_942349
650 1 4 _aInnovaciones tecnológicas.
_958829
856 _aFinding aid
_uhttp://10.13.5.2/tesis/sist109112.pdf
_zTeclea aquí
901 _aBK
942 _cTESIS
942 _n0
999 _c105574
_d105574